000 00632nam a2200193Ia 4500
003 GCL
008 140319s9999 xx 000 0 ara d
040 _aGCL /
_cGCL
082 0 4 _a810.9
_bم م
100 1 _aمحمد حسنين هيكل
245 1 0 _aالمقالات اليابانية /
_cمحمد حسنين هيكل
300 _a198 ص
490 _aالهيئة العامة للاستعلامات
_v0
650 0 4 _aالادب العربى
650 0 4 _aمحمد حسنين هيكل
650 0 4 _aالادب العربى - تاريخ ونقد
650 0 4 _aالمقالات - العصر الحديث
942 _2ddc
_cBK
999 _c51889
_d51889